LEADER 02890nam 2200685Ia 450 001 9910790032303321 005 20230801221654.0 010 $a1-4443-5693-3 010 $a1-280-58612-5 010 $a9786613615954 010 $a1-4443-5692-5 035 $a(CKB)2670000000151534 035 $a(EBL)822111 035 $a(OCoLC)778448504 035 $a(SSID)ssj0000611644 035 $a(PQKBManifestationID)12243893 035 $a(PQKBTitleCode)TC0000611644 035 $a(PQKBWorkID)10664693 035 $a(PQKB)10771719 035 $a(MiAaPQ)EBC822111 035 $a(MiAaPQ)EBC4041833 035 $a(Au-PeEL)EBL822111 035 $a(CaPaEBR)ebr10538695 035 $a(CaONFJC)MIL361595 035 $a(Au-PeEL)EBL4041833 035 $a(CaPaEBR)ebr11114604 035 $a(OCoLC)787845556 035 $a(EXLCZ)992670000000151534 100 $a20111104d2012 uy 0 101 0 $aeng 135 $aur|n|---||||| 181 $ctxt 182 $cc 183 $acr 200 10$aCyberbullying$b[electronic resource] $ebullying in the digital age /$fRobin M. Kowalski, Susan P. Limber, Patricia W. Agatston 205 $a2nd ed. 210 $aChichester, West Sussex, UK ;$aMalden, MA $cWiley-Blackwell$d2012 215 $a1 online resource (296 p.) 300 $aDescription based upon print version of record. 311 $a1-4443-3480-8 311 $a1-4443-3481-6 320 $aIncludes bibliographical references and index. 327 $aCyberbullying: Bullying in the Digital Age; Contents; Foreword; Preface; 1 Introduction; 2 Children's Experiences with Traditional Forms of Bullying; 3 What Is Cyberbullying?; 4 Current Research on Cyberbullying; 5 What Parents Can Do; 6 What Educators Can Do; 7 Laws and Policies; 8 Conclusion; References; Author Index; Subject Index 330 $aPsychologists explore the reality of cyberbullies Millions of children are affected by bullies each year. Advances in social media, email, instant messaging, and cell phones, however, have moved bullying from a schoolyard fear to a constant threat. The second edition of Cyberbullying offers the most current information on this constantly-evolving issue and outlines the unique concerns and challenges it raises for children, parents, and educators. Authored by psychologists who are internationally recognized as experts in this field, the text uses the latest research in thi 606 $aCyberbullying 606 $aBullying 615 0$aCyberbullying. 615 0$aBullying. 676 $a302.34/3 686 $aPSY039000$2bisacsh 700 $aKowalski$b Robin M$0204923 701 $aLimber$b Sue$0921746 701 $aAgatston$b Patricia W$0724861 801 0$bMiAaPQ 801 1$bMiAaPQ 801 2$bMiAaPQ 906 $aBOOK 912 $a9910790032303321 996 $aCyberbullying$93794119 997 $aUNINA LEADER 02050nam 2200421Ia 450 001 996394681303316 005 20221108045223.0 035 $a(CKB)4940000000123703 035 $a(EEBO)2248512422 035 $a(UnM)99897450e 035 $a(UnM)99897450 035 $a(EXLCZ)994940000000123703 100 $a19981218d1696 uy | 101 0 $aeng 135 $aurbn||||a|bb| 200 14$aThe essays, or councils, civil and moral, of Sir Francis Bacon, Lord Verulam, Viscount St. Alban$b[electronic resource] $eWith a table of the colours of good and evil. And a discourse of the wisdom of the ancients 205 $aTo this edition is added the character of Queen Elizabeth; never before printed in English. 210 $aLondon $cprinted for A. Swalle, and T. Childe, at the Unicorn, in St. Paul's Church-Yard$d1696 215 $a[8], 167, [9], 21, [11], 17-114, 117-123, [7] p 300 $a"Of the colours of good and evil" has separate pagination, and divisional title on M5v. "The wisdom of the ancients. .. Done into English by Sir Arthur Gorges, Knight", a translation of "De sapientia veterum", has separate pagination and title page lacking names in the imprint. Register is continuous throughout. 300 $aThe page before third p. 17 is numbered 1. 300 $aIncludes index. 300 $aThe last three leaves bear a table of contents and advertisements. 300 $aOne of five imprint variants of this edition. 300 $aReproduction of original in the British Library. 330 $aeebo-0018 606 $aMythology, Classical$vEarly works to 1800 615 0$aMythology, Classical 700 $aBacon$b Francis$f1561-1626.$0159133 701 $aGorges$b Arthur$cSir,$f1557?-1625.$01010939 702 $aBacon$b Francis$f1561-1626.$4aut 801 0$bCu-RivES 801 1$bCu-RivES 801 2$bWaOLN 906 $aBOOK 912 $a996394681303316 996 $aThe essays, or councils, civil and moral, of Sir Francis Bacon, Lord Verulam, Viscount St. Alban$92394677 997 $aUNISA LEADER 02268nam0 22004933i 450 001 VAN00163727 005 20251023103722.397 017 70$2N$a9783319189536 100 $a20210621d2016 |0itac50 ba 101 $aeng 102 $aCH 105 $a|||| ||||| 200 1 $aExtreme States of Matter$eHigh Energy Density Physics$fVladimir E. Fortov 205 $a2. ed 210 $aCham$cSpringer$d2016 215 $axvi, 700 p.$cill.$d24 cm 410 1$1001VAN00023990$12001 $aSpringer series in materials science$1210 $aBerlin$cSpringer$d1986-$v216 500 1$3VAN00163731$aEkstremal?nye sostoyaniya veshchestva$91807563 606 $a00A79 (77-XX)$xPhysics [MSC 2020]$3VANC023182$2MF 606 $a74-XX$xMechanics of deformable solids [MSC 2020]$3VANC022466$2MF 606 $a74F05$xThermal effects in solid mechanics [MSC 2020]$3VANC023448$2MF 606 $a74F10$xFluid-solid interactions (including aero- and hydro-elasticity, porosity, etc.) [MSC 2020]$3VANC028911$2MF 606 $a74F15$xElectromagnetic effects in solid mechanics [MSC 2020]$3VANC035274$2MF 610 $aExtreme States in Nuclear Explosion$9KW:K 610 $aExtreme States of Nuclear Systems$9KW:K 610 $aFusion Physics and Confinement$9KW:K 610 $aHigh energy density phyiscs$9KW:K 610 $aHigh-energy density$9KW:K 610 $aLaser-Matter Interaction$9KW:K 610 $aLaser-produced Shockwaves$9KW:K 610 $aQuark-Gluon Plasma$9KW:K 610 $aRelativistic Matter$9KW:K 610 $aStellar Matter$9KW:K 620 $aCH$dCham$3VANL001889 700 1$aFortov$bVladimir E.$3VANV147425$0805090 712 $aSpringer $3VANV108073$4650 801 $aIT$bSOL$c20251024$gRICA 856 4 $uhttp://doi.org/10.1007/978-3-319-18953-6$zE-book ? Accesso al full-text attraverso riconoscimento IP di Ateneo, proxy e/o Shibboleth 899 $aBIBLIOTECA DEL DIPARTIMENTO DI MATEMATICA E FISICA$1IT-CE0120$2VAN08 912 $fN 912 $aVAN00163727 950 $aBIBLIOTECA DEL DIPARTIMENTO DI MATEMATICA E FISICA$d08DLOAD e-book 2715 $e08eMF2715 20210621 996 $aEkstremal?nye sostoyaniya veshchestva$91807563 997 $aUNICAMPANIA